• 首页
  • 本馆介绍
  • 公告通知
  • 最新文献
  • 馆藏检索
  • 电子资源
  • 读者导购
  • 参考咨询
  • 我的图书馆
  • 登录
  • 详细信息显示
  • 放入我的书架
  • 预约/预借图书
  • 作者相关作品
  • 分类相关作品
  • 丛书相关作品
  • 出版社相关作品

书目信息

  • 表格格式
  • 工作单格式
  • 卡片格式
题名:
卫星地面站天线新技术研究
    
 
作者: 章日荣 编
分册:  
出版信息: 北京   国防工业出版社  1982
页数: 186页
开本: 21cm
丛书名:
单 册:
中图分类: TN821 , TN82
科图分类:
主题词: 地面站天线--研究
电子资源:
ISBN:
000 00684nam0 2200253 45
001 0182006789
005 20040707101740.7
010    @dCNY0.78
091    @a15034.2359
100    @a19950403d1982 emky0chiy0121 ea
101 0  @achi
102    @aCN@b110000
105    @ay z 000yy
106    @ar
200 10 @a卫星地面站天线新技术研究@Awei xing di mian zhan tian xian xin ji shu yan jiu@f章日荣编
210    @a北京@c国防工业出版社@d1982
215    @a186页@d21cm
606    @a地面站天线@x研究
690    @aTN821@v3 
690    @aTN82
701  0 @a章日荣@Azhang ri rong@4编
801  0 @aCN@b上海图书馆@c20040707
801  2 @aCN@bNLC@c20040707
905    @f1@b129617@dTN82@e4
    
    卫星地面站天线新技术研究/章日荣编.-北京:国防工业出版社,1982
    186页;21cm
    
    
    ISBN :CNY0.78
    
●
相关链接 在E读中查询图书 在五车中查询图书 在当当中查询图书 在豆瓣中查询图书


正题名:卫星地面站天线新技术研究     索取号:TN82/4         预约/预借

序号 登录号 条形码 馆藏地/架位号 状态 备注
1 0129617   001955664   第三借阅区/ [索取号:TN82/4] 在馆    
2 0129618   001321732   第二样本阅览室/ [索取号:TN82/4] 在馆    
唐山师范学院图书馆 欢迎您!
大连网信软件有限公司© 版权所有